Introduction to the physics and techniques of remote sensing

Main Author: Elachi, Charles (Author)
Other Authors: Van Zyl, Jakob
Published: Hoboken, New Jersey: Wiley-Interscience, [2006]
Edition:Second edition
Subjects:
LEADER 00984cam a2200277 7i4500
001 0000052335
005 20250803090000.0
008 250803t20062006njua ### #00001eng##
020 # # |a 0471475696  
020 # # |a 9780471475699  
040 # # |a UMT   |b eng   |c UMT   |d Loc   |e rda 
090 0 0 |a G 70.4   |b .E4 2006 
100 1 # |a Elachi, Charles   |e author  
245 1 0 |a Introduction to the physics and techniques of remote sensing   |c Charles Elachi, Jakob van Zyl. 
250 # # |a Second edition 
264 # 1 |a Hoboken, New Jersey:   |b Wiley-Interscience,   |c [2006] 
264 # 4 |c ♭2006 
300 # # |a xvii, 552 pages:   |b some colour illustrations;   |c 26 cm 
336 # # |a text --   |2 rdacontent 
337 # # |a unmediated --   |2 rdamedia 
338 # # |a volume --   |2 rdacarrier 
504 # # |a Includes bibliographical references and index 
590 # # |a Pusat Pengajian Perniagaan dan Pengurusan Maritim 
650 0 0 |a Remote sensing  
700 1 # |a Van Zyl, Jakob  
999 |a 1100045203  |b Book  |c Open Shelf  |e KOLEKSI TERBUKA